000 00749nam a2200253 i 4500
001 bg
100 1 _aPAWLAK, Zbigniew.
245 1 0 _aBiznesplan :
_bzastosowania i przykłady /
_cZbigniew Pawlak.
260 _aWarszawa :
_b"Poltext",
_c2001.
300 _a284 s. :
_bil. ;
_c24 cm.
490 1 _aWarsztaty Menedżerskie
504 _aBibliogr.
650 9 _aPrzedsiębiorstwo
_xplanowanie
655 _aPodręczniki akademickie
830 _aWarsztaty Menedżerskie
020 _a8388840045
040 _cBPK
041 0 _apl
080 _a658.1/.5.012.2(075.8)
920 _a83-88840-04-5
942 _cKS
008 s pl f |000 0 pol
999 _c41737
_d41737
856 _uhttp://koha.tu.koszalin.pl/cgi-bin/koha/opac-detail.pl?biblionumber=41737
_yKatalog online BPK